000 01773nam a22001457a 4500
999 _c514405
_d514405
008 201031b ||||| |||| 00| 0 eng d
100 _aMorgan, Sanchez Mayra and Winkler, Richelle L.
_920563
245 _aThe third shift?: Gender and empowerment in a women’s ecotourism cooperative
260 _a Rural Sociology
300 _a85(1), Mar, 2020: p.137-164
520 _aEcotourism is lauded as a path toward sustainable development and women’s empowerment in rural areas around the world, but little is known about how gendered expectations shape its processes and outcomes. This paper employs an in‐depth qualitative case study of a female‐only ecotourism cooperative in rural Mexico to investigate how local gender dynamics influence women’s opportunities to benefit from ecotourism development. Findings show that women’s family and work commitments prevent their ability to devote the resources and energy necessary to make the cooperative successful. In this context, women are first expected to be wives and mothers, and to fulfill the substantial daily expectations associated with those roles. In addition, most women work outside the home. This leaves little time or energy for a “third shift” as ecotourism entrepreneurs running their own cooperative. Women put their own interests and goals on the back burner, because of the demands of the first two shifts. If ecotourism is to empower women, localized gender structures must be understood and addressed. Overlooking these challenges can mean that ecotourism projects, even those specifically aimed at empowering women, may only further burden women and reinforce gender models that perpetuate inequality. -Reproduced
773 _aRural Sociology
906 _aECOTOURISM
942 _cAR